000 00307nam a2200145Ia 4500
100 _aBoctor/S.A
250 _a2
942 _cBK
654 _aCircuits
245 _aElectric Circuits Analysis
260 _bPrentice -Hall
_aBombay
_c1996
082 _a621.3192
_bBOC
300 _a856
546 _aENGLISH
999 _c19322
_d19322